[Event "FIDE World Bl Team Pool C"]
[Site "Almaty"]
[Date "2024.08.05"]
[Round "4.8"]
[White "Muldagaliyev, Dauren"]
[Black "Ishmukhametov, Ahmet"]
[Result "0-1"]
[WhiteElo "1929"]
[BlackElo "1978"]
[PlyCount "69"]
[EventDate "2024.08.05"]
[EventType "team (blitz)"]
[EventRounds "7"]
[EventCountry "KAZ"]
[SourceTitle "CBM 221 Extra"]
[Source "ChessBase"]
[SourceDate "2024.09.30"]
[SourceVersion "1"]
[SourceVersionDate "2024.09.30"]
[SourceQuality "1"]
[WhiteTeam "Chess Star II"]
[BlackTeam "Chess Dream"]
[WhiteTeamCountry "KAZ"]
[BlackTeamCountry "KAZ"]

1. Nf3 Nf6 2. e3 c6 3. c4 d5 4. b3 Bg4 5. Bb2 e6 6. Be2 Be7 7. d3 0-0 8. 0-0 Nbd7 9. Nbd2 Bd6 10. a3 a5 11. Re1 e5 12. Nf1 Qe7 13. Ng3 h6 14. Nh4 Bxe2 15. Qxe2 g6 16. Nf3 Nh7 17. Rec1 Rae8 18. Qd2 b6 19. cxd5 cxd5 20. Qc2 Rc8 21. Qxc8 Rxc8 22. Rxc8+ Kg7 23. Rc2 Nc5 24. Ne1 Nxb3 25. Rd1 Bxa3 26. Bxa3 Qxa3 27. Rc3 Qb4 28. Rc2 a4 29. Nf3 Qd6 30. Ne2 a3 31. Rc3 Qb4 32. Nxe5 a2 33. Rc2 a1Q 34. Rxa1 Nxa1 35. Kf1 0-1

[Event "FIDE World Bl Team Pool C"]
[Site "Almaty"]
[Date "2024.08.05"]
[Round "3.13"]
[White "Sindarov, Javokhir"]
[Black "Muldagaliyev, Dauren"]
[Result "1-0"]
[WhiteElo "2674"]
[BlackElo "1929"]
[PlyCount "75"]
[EventDate "2024.08.05"]
[EventType "team (blitz)"]
[EventRounds "7"]
[EventCountry "KAZ"]
[SourceTitle "CBM 221 Extra"]
[Source "ChessBase"]
[SourceDate "2024.09.30"]
[SourceVersion "1"]
[SourceVersionDate "2024.09.30"]
[SourceQuality "1"]
[WhiteTeam "Royal Chess"]
[BlackTeam "Chess Star II"]
[WhiteTeamCountry "UZB"]
[BlackTeamCountry "KAZ"]

1. e4 e5 2. Nf3 Nc6 3. Bc4 Bc5 4. Nc3 Nf6 5. d3 h6 6. 0-0 0-0 7. a3 a5 8. Be3 d6 9. Bxc5 dxc5 10. h3 Qd6 11. a4 Nd4 12. Nd2 Be6 13. Ne2 Rad8 14. Ng3 Kh8 15. Kh1 b6 16. Bxe6 fxe6 17. Nc4 Qe7 18. Nxe5 Qe8 19. f4 Nd7 20. Nc4 Qg6 21. Ne2 Nf6 22. Nxd4 cxd4 23. Ne5 Qe8 24. Kh2 Nd7 25. Nc4 Nf6 26. Qf3 Nh5 27. Qg4 Nf6 28. Qh4 Kg8 29. Rf3 Qh5 30. Qg3 Qf7 31. Raf1 Qe8 32. b3 Nh5 33. Qh4 Nf6 34. f5 exf5 35. Rxf5 Nh7 36. Qg3 Rxf5 37. Rxf5 Nf8 38. Qxc7 1-0